[Event "4NCL Online Division 3"]
[Site "online"]
[Date "2021.03.09"]
[EventDate "2021.03.09"]
[Round "4.93"]
[White "Habershon, Paul F"]
[WhiteElo "1948"]
[WhiteTeam "MK Phoenix 2"]
[Black "Brennan, J Ross"]
[BlackElo "1634"]
[BlackTeam "Alba Bon Accord 2"]
[Result "1-0"]
[PlyCount "35"]

1. e4 e5 2. Nf3 Nc6 3. d4 exd4 4. Nxd4 Bc5 5. Nb3 Bb6 6. a4 Qf6 7. Qe2 Nge7 8. Nc3 O-O 9. Be3 Bxe3 10. Qxe3 a6 11. Be2 d6 12. O-O-O Bd7 13. f4 Rad8 14. g4 Rfe8 15. h4 Qe6 16. Qg3 d5 17. exd5 Nxd5 18. Rxd5 1-0

[Event "4NCL Online Division 3"]
[Site "online"]
[Date "2021.03.09"]
[EventDate "2021.03.09"]
[Round "4.94"]
[White "McLeod, Alisdair"]
[WhiteElo "1531"]
[WhiteTeam "Alba Bon Accord 2"]
[Black "Elwin, Adrian G"]
[BlackElo "1956"]
[BlackTeam "MK Phoenix 2"]
[Result "0-1"]
[PlyCount "92"]

1. e4 c6 2. d4 d5 3. f3 e6 4. Be3 Qb6 5. b3 Nd7 6. Bd3 Ngf6 7. e5 Nxe5 8. Bf2 Nxd3+ 9. Qxd3 Bd6 10. Nd2 Bd7 11. Ne2 Rc8 12. O-O O-O 13. f4 c5 14. Bh4 cxd4 15. Bxf6 gxf6 16. Rf3 e5 17. Kh1 e4 18. Nxe4 dxe4 19. Qxe4 Qc5 20. f5 Qxc2 21. Qg4+ Kh8 22. Nxd4 Qc1+ 23. Rf1 Qg5 24. Qd1 Rg8 25. g3 Be5 26. Nf3 Bc6 27. Rc1 Qxc1 28. Qxc1 Bxf3+ 29. Rxf3 Rxc1+ 30. Kg2 Rgc8 31. Rd3 R8c2+ 32. Kh3 Rxa2 33. Kg4 Kg7 34. h4 Rg2 35. h5 Rxg3+ 36. Rxg3 Bxg3 37. Kxg3 Rc3+ 38. Kf4 Rxb3 39. Ke4 a5 40. Kd4 a4 41. Kc4 b5+ 42. Kc5 a3 43. h6+ Kxh6 44. Kd4 a2 45. Ke4 a1=Q 46. Kf4 Qa4# 0-1

[Event "4NCL Online Division 3"]
[Site "online"]
[Date "2021.03.09"]
[EventDate "2021.03.09"]
[Round "4.101"]
[White "Shepherd, Tom"]
[WhiteElo "2018"]
[WhiteTeam "MCS Oxford A"]
[Black "Rothwell, James P"]
[BlackElo "1877"]
[BlackTeam "Atticus B"]
[Result "1-0"]
[PlyCount "79"]

1. d4 Nf6 2. Nf3 c5 3. d5 b5 4. c4 g6 5. cxb5 a6 6. bxa6 Bxa6 7. Nc3 Bg7 8. e4 Bxf1 9. Kxf1 d6 10. g3 O-O 11. Kg2 Nbd7 12. h3 Qa5 13. Qc2 Rfb8 14. Bd2 Qa6 15. b3 Ne8 16. a4 Nc7 17. Rhb1 e6 18. dxe6 Nxe6 19. Ra2 Ne5 20. Nxe5 Nd4 21. Qd1 Bxe5 22. Be3 Rb7 23. Rd2 Qc6 24. Nd5 f5 25. Bxd4 Bxd4 26. Rc1 Bg7 27. exf5 gxf5 28. Qf3 Kh8 29. Re1 Rab8 30. Rd3 c4 31. Rc1 Rxb3 32. Rxb3 Rxb3 33. Qxb3 Qxd5+ 34. Qf3 Qxf3+ 35. Kxf3 d5 36. Rd1 d4 37. Rc1 c3 38. Ke2 Kg8 39. Kd3 Kf7 40. a5 1-0

[Event "4NCL Online Division 3"]
[Site "online"]
[Date "2021.03.09"]
[EventDate "2021.03.09"]
[Round "4.102"]
[White "Burge, Steve J"]
[WhiteElo "1680"]
[WhiteTeam "Atticus B"]
[Black "Selvaraj, Hari"]
[BlackElo "1934"]
[BlackTeam "MCS Oxford A"]
[Result "0-1"]
[PlyCount "52"]

1. e4 c5 2. Nc3 e6 3. f4 d5 4. Bb5+ Nc6 5. d3 Qh4+ 6. g3 Qd8 7. Nf3 Ne7 8. O-O g6 9. f5 exf5 10. exf5 Bxf5 11. Ne5 Bg7 12. Bf4 O-O 13. Bxc6 bxc6 14. g4 Be6 15. Qe2 Qb6 16. Rae1 Qxb2 17. Qd2 Bxg4 18. Nxg4 Bxc3 19. Qc1 Qxc1 20. Rxc1 Nf5 21. Rb1 Rfe8 22. Rb7 Kg7 23. h3 Re2 24. Rc1 g5 25. Bxg5 Bd4+ 26. Kf1 Ng3# 0-1

[Event "4NCL Online Division 3"]
[Site "online"]
[Date "2021.03.09"]
[EventDate "2021.03.09"]
[Round "4.103"]
[White "Zhu, Hou Ning"]
[WhiteElo "1830"]
[WhiteTeam "MCS Oxford A"]
[Black "Wadsworth, Mark S"]
[BlackElo "1666"]
[BlackTeam "Atticus B"]
[Result "1-0"]
[PlyCount "51"]

1. c4 Nf6 2. g3 c6 3. Bg2 d5 4. Nf3 Bf5 5. O-O e6 6. b3 Nbd7 7. d3 Bd6 8. Bb2 e5 9. e4 Bg4 10. Nbd2 d4 11. Qc2 O-O 12. h3 Bh5 13. a3 a5 14. Rab1 Qe7 15. Ra1 b5 16. Nh4 Bg6 17. f4 exf4 18. gxf4 Bc5 19. cxb5 Bxe4 20. Bxe4 Nxe4 21. Nxe4 Qxe4 22. dxe4 d3+ 23. Qxc5 Nxc5 24. bxc6 Nxe4 25. Rfd1 Rfd8 26. Nf5 1-0

[Event "4NCL Online Division 3"]
[Site "online"]
[Date "2021.03.09"]
[EventDate "2021.03.09"]
[Round "4.104"]
[White "Lawton, John"]
[WhiteElo "1480"]
[WhiteTeam "Atticus B"]
[Black "Khan, Samir"]
[BlackElo "1664"]
[BlackTeam "MCS Oxford A"]
[Result "1/2-1/2"]
[PlyCount "53"]

1. d4 d5 2. c4 e6 3. Nc3 Nf6 4. Nf3 c5 5. e3 Nc6 6. cxd5 Nxd5 7. Bd3 cxd4 8. exd4 Bb4 9. Bd2 Nxc3 10. bxc3 Ba5 11. O-O O-O 12. Re1 Qd6 13. Rb1 Qa3 14. Bxh7+ Kxh7 15. Ng5+ Kg6 16. Qg4 f5 17. Qg3 Kf6 18. Nh7+ Kf7 19. Nxf8 Qxf8 20. Bf4 Kg8 21. Bd6 Qf7 22. Re3 g6 23. h4 Bd8 24. Bf4 Qh7 25. Bg5 Bc7 26. Bf4 Bd8 27. Bg5 1/2-1/2

[Event "4NCL Online Division 3"]
[Site "online"]
[Date "2021.03.09"]
[EventDate "2021.03.09"]
[Round "4.111"]
[White "Murphy, Sean J."]
[WhiteElo "1995"]
[WhiteTeam "Cork"]
[Black "Borman, Philip"]
[BlackElo "2250"]
[BlackTeam "Hertford 1"]
[Result "0-1"]
[PlyCount "62"]

1. d4 Nf6 2. c4 c6 3. Nc3 d5 4. Nf3 dxc4 5. e4 b5 6. Be2 e6 7. O-O Bb7 8. b3 cxb3 9. d5 exd5 10. exd5 Be7 11. dxc6 Nxc6 12. Qxb3 a6 13. Rd1 Qc7 14. Bg5 O-O 15. Rac1 Rad8 16. a4 b4 17. Bxf6 Rxd1+ 18. Rxd1 Bxf6 19. Nd5 Qd6 20. Nb6 Nd4 21. Nxd4 Bxd4 22. Nc4 Qf6 23. Qg3 b3 24. Bd3 Rd8 25. Na5 Bd5 26. h4 b2 27. Bb1 g6 28. Rf1 Bc3 29. Qc7 Be5 30. Qc5 Qxh4 31. f4 Bxf4 0-1

[Event "4NCL Online Division 3"]
[Site "online"]
[Date "2021.03.09"]
[EventDate "2021.03.09"]
[Round "4.112"]
[White "Cheal, Barry A"]
[WhiteElo "2162"]
[WhiteTeam "Hertford 1"]
[Black "De Jonge, Henk"]
[BlackElo "1943"]
[BlackTeam "Cork"]
[Result "1/2-1/2"]
[PlyCount "48"]

1. b3 d5 2. Bb2 c5 3. e3 Nf6 4. Nf3 Nc6 5. Be2 e6 6. O-O Bd6 7. d4 O-O 8. Nbd2 b6 9. Ne5 Bb7 10. f4 Ne4 11. Nxe4 dxe4 12. Nxc6 Bxc6 13. c3 f5 14. Qd2 Qe7 15. Rfd1 Rad8 16. Qe1 g5 17. g3 cxd4 18. cxd4 Bd5 19. Rac1 Rc8 20. Rxc8 Rxc8 21. Rc1 Rxc1 22. Qxc1 gxf4 23. gxf4 Qh4 24. Qf1 Bb4 1/2-1/2

[Event "4NCL Online Division 3"]
[Site "online"]
[Date "2021.03.09"]
[EventDate "2021.03.09"]
[Round "4.113"]
[White "O'Connell, Denis"]
[WhiteElo "1736"]
[WhiteTeam "Cork"]
[Black "Byway, Paul V"]
[BlackTitle "FM"]
[BlackElo "2017"]
[BlackTeam "Hertford 1"]
[Result "1-0"]
[PlyCount "65"]

1. e4 c5 2. b4 cxb4 3. a3 e6 4. axb4 Nf6 5. e5 Nd5 6. b5 d6 7. c4 Nf4 8. g3 Ng6 9. exd6 Bxd6 10. Bg2 Nd7 11. d4 Bb4+ 12. Bd2 Qe7 13. Nf3 e5 14. O-O O-O 15. Re1 Bxd2 16. Nbxd2 Qd6 17. c5 Qc7 18. b6 Qb8 19. Qa4 exd4 20. bxa7 Qc7 21. Qxd4 Qxc5 22. Nb3 Qxd4 23. Nfxd4 Nge5 24. Nb5 Nc6 25. Bxc6 bxc6 26. Nc7 Nb6 27. Nxa8 Nxa8 28. Re7 g6 29. Nc5 Rd8 30. Rae1 Kf8 31. Nb7 Bxb7 32. Rxb7 c5 33. Rb8 1-0

[Event "4NCL Online Division 3"]
[Site "online"]
[Date "2021.03.09"]
[EventDate "2021.03.09"]
[Round "4.114"]
[White "Capes, Ian"]
[WhiteElo "1915"]
[WhiteTeam "Hertford 1"]
[Black "Foran, Barry"]
[BlackElo "1599"]
[BlackTeam "Cork"]
[Result "1-0"]
[PlyCount "83"]

1. d4 c6 2. Bf4 d5 3. e3 Nf6 4. Nf3 Bg4 5. Nbd2 Qb6 6. Rb1 e6 7. Be2 Nbd7 8. O-O c5 9. dxc5 Bxc5 10. b4 Be7 11. c4 O-O 12. c5 Qd8 13. Ne5 Nxe5 14. Bxe5 Bxe2 15. Qxe2 a5 16. a3 axb4 17. axb4 Ra2 18. Qd3 Qa8 19. Ra1 Rxa1 20. Rxa1 Qc8 21. Ra7 Nd7 22. Bg3 Qc6 23. Nb3 Bf6 24. Na5 Nxc5 25. Qc2 Qa4 26. Qxa4 Nxa4 27. Nxb7 Nc3 28. Nc5 Ne2+ 29. Kf1 Nxg3+ 30. hxg3 Rb8 31. Nd7 Rc8 32. b5 h6 33. b6 Rc1+ 34. Ke2 Rb1 35. b7 Rb2+ 36. Kf3 d4 37. b8=Q+ Rxb8 38. Nxb8 d3 39. Rd7 Be5 40. Rxd3 Bxb8 41. Rd8+ Kh7 42. Rxb8 1-0

[Event "4NCL Online Division 3"]
[Site "online"]
[Date "2021.03.09"]
[EventDate "2021.03.09"]
[Round "4.121"]
[White "Robbings, Andrew MJ"]
[WhiteElo "1970"]
[WhiteTeam "Wantage A"]
[Black "Chaplin, Peter E"]
[BlackElo "2041"]
[BlackTeam "Clevedon"]
[Result "1/2-1/2"]
[PlyCount "117"]

1. e4 c5 2. Nf3 Nc6 3. Bb5 Na5 4. O-O a6 5. Be2 b5 6. d4 cxd4 7. Nxd4 Bb7 8. Bf3 e6 9. Nd2 Qc7 10. Qe2 Be7 11. e5 d5 12. Re1 Rc8 13. a3 Bg5 14. c3 Nc6 15. N2b3 Bxc1 16. Raxc1 Nge7 17. Rcd1 Ng6 18. Nxc6 Qxc6 19. Nd4 Qc7 20. Qe3 O-O 21. g3 Bc6 22. h4 Bd7 23. Rd2 Ne7 24. Bd1 Nc6 25. Bc2 Nxd4 26. Rxd4 Qd8 27. Qd3 g6 28. h5 Rc4 29. hxg6 hxg6 30. Kg2 Kg7 31. Rh1 Rh8 32. Rxh8 Qxh8 33. Qf3 Rxd4 34. Qf6+ Kg8 35. Qxh8+ Kxh8 36. cxd4 a5 37. Kf3 Kg7 38. Kg4 f6 39. f4 b4 40. Kh4 bxa3 41. bxa3 Bb5 42. g4 Be2 43. g5 f5 44. Kg3 Kf7 45. Ba4 Ke7 46. Kf2 Bh5 47. Ke3 Kd8 48. Kd2 Kc7 49. Kc3 Kd8 50. Bc2 Kc7 51. Ba4 Kd8 52. Bb5 Bd1 53. Bd3 Kd7 54. Bb5+ Kd8 55. Kd2 Bh5 56. Bc6 Kc7 57. Be8 Kd8 58. Ba4 Kc7 59. Kc3 1/2-1/2

[Event "4NCL Online Division 3"]
[Site "online"]
[Date "2021.03.09"]
[EventDate "2021.03.09"]
[Round "4.122"]
[White "Peters, David"]
[WhiteElo "1813"]
[WhiteTeam "Clevedon"]
[Black "Carter, John P"]
[BlackElo "1886"]
[BlackTeam "Wantage A"]
[Result "0-1"]
[PlyCount "94"]

1. e4 e5 2. Nf3 Nf6 3. Nxe5 Nc6 4. Nxc6 dxc6 5. d3 Bc5 6. Be3 Bxe3 7. fxe3 Ng4 8. Qf3 Qh4+ 9. g3 Qg5 10. Kd2 O-O 11. Bh3 Ne5 12. Qg2 Bxh3 13. Qxh3 Rad8 14. Qf5 Nc4+ 15. Kc3 Qxf5 16. exf5 Nxe3 17. f6 Nd5+ 18. Kd2 Nxf6 19. Nc3 Rfe8 20. Rae1 Kf8 21. Na4 Rd5 22. Rxe8+ Kxe8 23. Nc3 Rf5 24. Re1+ Kd7 25. Re2 h5 26. Ne4 Nxe4+ 27. Rxe4 Rf2+ 28. Re2 Rxe2+ 29. Kxe2 Ke6 30. Ke3 Kf5 31. Kf3 c5 32. c3 g5 33. b3 Ke5 34. h3 f5 35. h4 g4+ 36. Ke3 f4+ 37. gxf4+ Kf5 38. a4 b6 39. b4 cxb4 40. cxb4 c5 41. b5 g3 42. Kf3 g2 43. Kxg2 Kxf4 44. Kf2 Kg4 45. Ke3 Kxh4 46. Kf4 Kh3 47. Kf3 h4 0-1

[Event "4NCL Online Division 3"]
[Site "online"]
[Date "2021.03.09"]
[EventDate "2021.03.09"]
[Round "4.124"]
[White "Chindelevitch, Leonid"]
[WhiteElo "1728"]
[WhiteTeam "Clevedon"]
[Black "Litwiniec, Miroslawa"]
[BlackElo "1826"]
[BlackTeam "Wantage A"]
[Result "1-0"]
[PlyCount "33"]

1. e4 e5 2. Nf3 Nc6 3. Bc4 Bc5 4. c3 d6 5. d4 exd4 6. cxd4 Bb4+ 7. Nc3 Bg4 8. Bxf7+ Kd7 9. h3 Qe7 10. d5 Bxc3+ 11. bxc3 Nd8 12. Ne5+ dxe5 13. Qxg4+ Ne6 14. dxe6+ Kc6 15. Qd1 Qc5 16. Qd7+ Kb6 17. Be3 1-0

[Event "4NCL Online Division 3"]
[Site "online"]
[Date "2021.03.09"]
[EventDate "2021.03.09"]
[Round "4.131"]
[White "Putar, Lara"]
[WhiteElo "1899"]
[WhiteTeam "St Benildus B"]
[Black "Lockett, Karl"]
[BlackElo "1855"]
[BlackTeam "Crewe AOL"]
[Result "1-0"]
[PlyCount "38"]

1. d4 b6 2. c4 e6 3. Nf3 Bb7 4. g3 Nf6 5. Bg2 Be7 6. O-O O-O 7. b3 d5 8. Bb2 Nbd7 9. Nc3 c5 10. cxd5 Nxd5 11. Qd2 Rc8 12. Rac1 Bf6 13. Nb5 Qe7 14. e4 Nc7 15. Nxc7 Rxc7 16. e5 Bxe5 17. dxe5 Rd8 18. Rfd1 Rcc8 19. Qd6 Nf8 1-0

[Event "4NCL Online Division 3"]
[Site "online"]
[Date "2021.03.09"]
[EventDate "2021.03.09"]
[Round "4.132"]
[White "Holcman, Lukasz"]
[WhiteElo "1705"]
[WhiteTeam "Crewe AOL"]
[Black "Murray, Benjamin"]
[BlackElo "1910"]
[BlackTeam "St Benildus B"]
[Result "0-1"]
[PlyCount "70"]

1. d4 Nf6 2. Bf4 g6 3. e3 Bg7 4. Bd3 O-O 5. Nd2 d6 6. c3 Nbd7 7. Ngf3 b6 8. e4 Bb7 9. O-O Nh5 10. Be3 e5 11. d5 f5 12. Bg5 Qe8 13. exf5 gxf5 14. Bc4 Qg6 15. h4 h6 16. Be7 Rfe8 17. Bxd6 cxd6 18. Nh2 Nf4 19. g3 Bxd5 20. Bxd5+ Nxd5 21. Qb3 Qf7 22. Rad1 N5f6 23. Qa3 d5 24. Nhf3 Ng4 25. b4 f4 26. Nh2 Nxh2 27. Kxh2 e4 28. Nb1 Ne5 29. Qb3 Nf3+ 30. Kh3 Rad8 31. Nd2 Qe6+ 32. g4 Ne5 33. Nxe4 Qxg4+ 34. Kh2 Nf3+ 35. Kh1 Qh3# 0-1

[Event "4NCL Online Division 3"]
[Site "online"]
[Date "2021.03.09"]
[EventDate "2021.03.09"]
[Round "4.133"]
[White "Healy, John"]
[WhiteElo "1885"]
[WhiteTeam "St Benildus B"]
[Black "Renegade, Richard"]
[BlackElo "1752"]
[BlackTeam "Crewe AOL"]
[Result "1-0"]
[PlyCount "77"]

1. e4 Nc6 2. Nf3 f5 3. exf5 Nf6 4. d4 d6 5. d5 Ne5 6. Nxe5 dxe5 7. Nc3 Bxf5 8. Bb5+ Kf7 9. O-O c6 10. dxc6 Qxd1 11. Rxd1 bxc6 12. Bc4+ e6 13. Bb3 Bc5 14. Na4 Bb6 15. Nxb6 axb6 16. c4 Rhd8 17. Be3 c5 18. h3 Bd3 19. Rac1 e4 20. Bf4 Rd7 21. g4 Be2 22. Rxd7+ Nxd7 23. Re1 Bf3 24. a3 h6 25. Bc2 g5 26. Bg3 Nf6 27. Be5 Rd8 28. Bxf6 Kxf6 29. Bxe4 Bxe4 30. Rxe4 Rd1+ 31. Kg2 Rd2 32. b3 Ra2 33. a4 Rd2 34. Kf3 e5 35. Re3 Rd4 36. Ke2 e4 37. f3 Ke5 38. fxe4 Rxe4 39. Kd3 1-0

[Event "4NCL Online Division 3"]
[Site "online"]
[Date "2021.03.09"]
[EventDate "2021.03.09"]
[Round "4.134"]
[White "Layhe, Neville"]
[WhiteElo "1628"]
[WhiteTeam "Crewe AOL"]
[Black "Boland, Dylan"]
[BlackElo "1863"]
[BlackTeam "St Benildus B"]
[Result "1/2-1/2"]
[PlyCount "73"]

1. d4 Nf6 2. e3 c5 3. c3 d5 4. Bd3 Nc6 5. f4 Bg4 6. Nf3 e6 7. Nbd2 Rc8 8. O-O Bd6 9. g3 O-O 10. Qe1 Re8 11. Ne5 Bf5 12. Qe2 Qc7 13. Nxc6 bxc6 14. e4 Bg4 15. Qe1 dxe4 16. Nxe4 Nxe4 17. Bxe4 cxd4 18. cxd4 Qb6 19. Be3 Qxb2 20. Rf2 Qb4 21. Qxb4 Bxb4 22. Rc2 Rc7 23. Rb1 a5 24. Rxc6 Rxc6 25. Bxc6 Rd8 26. Be4 g6 27. Kg2 Bc3 28. h3 Be2 29. Kf2 Ba6 30. Rd1 f6 31. h4 Kg7 32. d5 exd5 33. Rxd5 Rxd5 34. Bxd5 h5 35. Bb6 Kf8 36. Bc6 Bc4 37. a4 1/2-1/2

[Event "4NCL Online Division 3"]
[Site "online"]
[Date "2021.03.09"]
[EventDate "2021.03.09"]
[Round "4.141"]
[White "Clucas, Reg P"]
[WhiteElo "1929"]
[WhiteTeam "Bolton and Worsley 1"]
[Black "Pleasants, Allan J"]
[BlackElo "2039"]
[BlackTeam "Wessex Some Stars C"]
[Result "1/2-1/2"]
[PlyCount "34"]

1. e4 g6 2. d4 Bg7 3. Nc3 d6 4. Nf3 c6 5. a4 Nf6 6. Be2 O-O 7. O-O Na6 8. h3 Nc7 9. Be3 b6 10. Qd2 Bb7 11. Rfd1 a6 12. e5 Nfd5 13. Nxd5 Nxd5 14. Bh6 b5 15. Bxg7 Kxg7 16. c3 Qc7 17. b3 dxe5 1/2-1/2

[Event "4NCL Online Division 3"]
[Site "online"]
[Date "2021.03.09"]
[EventDate "2021.03.09"]
[Round "4.142"]
[White "Tunks, Dominic R"]
[WhiteElo "2019"]
[WhiteTeam "Wessex Some Stars C"]
[Black "Tyton, Adam"]
[BlackElo "1894"]
[BlackTeam "Bolton and Worsley 1"]
[Result "1/2-1/2"]
[PlyCount "82"]

1. e4 c6 2. d4 d5 3. Nd2 dxe4 4. Nxe4 Bf5 5. Ng3 Bg6 6. Bc4 e6 7. N1e2 Bd6 8. O-O Nf6 9. Re1 Nbd7 10. Bf4 Qc7 11. Qd2 Nd5 12. Bxd6 Qxd6 13. Bb3 O-O 14. c4 N5f6 15. Rad1 Rad8 16. Nf4 Nc5 17. h4 Nxb3 18. axb3 Rfe8 19. h5 Bf5 20. Nxf5 exf5 21. g3 Rxe1+ 22. Qxe1 a6 23. Qa5 g6 24. hxg6 fxg6 25. Qb6 Rd7 26. Kg2 g5 27. Ne2 Qe6 28. Nc3 Qd6 29. f3 Nh5 30. Ne2 Re7 31. Kf2 Qe6 32. Qd8+ Kg7 33. Re1 Qe3+ 34. Kg2 Nxg3 35. Nxg3 Qd2+ 36. Kh3 Rxe1 37. Qd7+ Kf8 38. Qd8+ Kf7 39. Qd7+ Kf8 40. Qd8+ Kf7 41. Qd7+ Kf8 1/2-1/2

[Event "4NCL Online Division 3"]
[Site "online"]
[Date "2021.03.09"]
[EventDate "2021.03.09"]
[Round "4.143"]
[White "McElvenny, Damien"]
[WhiteElo "1892"]
[WhiteTeam "Bolton and Worsley 1"]
[Black "Pentakota, Rajasekhar"]
[BlackElo "1936"]
[BlackTeam "Wessex Some Stars C"]
[Result "1/2-1/2"]
[PlyCount "143"]

1. e4 d6 2. d4 Nf6 3. Bd3 g6 4. Nf3 Bg7 5. O-O a6 6. c4 O-O 7. h3 Nc6 8. a3 e5 9. d5 Ne7 10. Nc3 Ne8 11. Qc2 f5 12. Bg5 f4 13. b4 h6 14. Bxe7 Qxe7 15. Qb3 Kh8 16. Rac1 g5 17. Be2 Nf6 18. c5 Qe8 19. Nd2 Qg6 20. Rfe1 h5 21. cxd6 cxd6 22. Na4 g4 23. hxg4 hxg4 24. Nb6 Rb8 25. Nxc8 Rbxc8 26. Qd3 Bh6 27. f3 g3 28. Rxc8 Rxc8 29. Bd1 Qh5 30. Ba4 Qh2+ 31. Kf1 Qh1+ 32. Ke2 Qxg2+ 33. Kd1 b5 34. Bc2 Qh3 35. Qf1 g2 36. Qe2 Rg8 37. Rg1 Qh2 38. Qf2 Nd7 39. Kc1 Bf8 40. Bd3 Be7 41. Bf1 gxf1=Q+ 42. Rxf1 Rg2 43. Qe1 Bh4 44. Qd1 Nb6 45. Rh1 Qg3 46. Qf1 Rh2 47. Rxh2 Qxh2 48. Kd1 Qf2 49. Qh3 Qe1+ 50. Kc2 Qg3 51. Qe6 Nc4 52. Qh6+ Kg8 53. Qe6+ Kh7 54. Nxc4 bxc4 55. Qf7+ Qg7 56. Qh5+ Qh6 57. Qf7+ Kh8 58. Kc3 Bf2 59. Kxc4 Qg7 60. Qh5+ Kg8 61. Qe8+ Qf8 62. Qg6+ Kh8 63. Qh5+ Kg7 64. Qg4+ Kf7 65. Qe6+ Kg7 66. Qg4+ Kh7 67. Qh5+ Qh6 68. Qf5+ Kg8 69. Qc8+ Qf8 70. Qg4+ Kh7 71. Qh5+ Kg7 72. Qg4+ 1/2-1/2

[Event "4NCL Online Division 3"]
[Site "online"]
[Date "2021.03.09"]
[EventDate "2021.03.09"]
[Round "4.144"]
[White "Adaway, William"]
[WhiteElo "1899"]
[WhiteTeam "Wessex Some Stars C"]
[Black "Kumar, Jamie"]
[BlackElo "1664"]
[BlackTeam "Bolton and Worsley 1"]
[Result "0-1"]
[PlyCount "58"]

1. c4 b6 2. Nc3 Bb7 3. e4 e6 4. Nge2 d5 5. cxd5 exd5 6. Nxd5 Nf6 7. Nec3 Nxd5 8. Nxd5 Bxd5 9. exd5 Qxd5 10. Be2 Nc6 11. O-O Nd4 12. Bg4 Be7 13. Re1 Qd6 14. Bf3 Nxf3+ 15. Qxf3 O-O 16. d4 Bf6 17. Be3 Bxd4 18. Rad1 c5 19. Bxd4 cxd4 20. Re4 Rfe8 21. Rf4 Rad8 22. g3 d3 23. Rxf7 d2 24. Rxa7 Re1+ 25. Kg2 Qf6 26. Qb3+ Kh8 27. Rxd2 Rxd2 28. Ra8+ Rd8 29. Qd5 Rf8 0-1

[Event "4NCL Online Division 3"]
[Site "online"]
[Date "2021.03.09"]
[EventDate "2021.03.09"]
[Round "4.151"]
[White "Turner, Howard"]
[WhiteElo "1885"]
[WhiteTeam "Catford Cosmonauts 3"]
[Black "Sloan, Cecil"]
[BlackElo "1749"]
[BlackTeam "Watford 2"]
[Result "1/2-1/2"]
[PlyCount "79"]

1. d4 Nf6 2. c4 Nc6 3. Nc3 e5 4. d5 Ne7 5. e4 Ng6 6. h4 h5 7. Bg5 d6 8. Qd2 Be7 9. f3 Nd7 10. g3 a5 11. Nge2 Nc5 12. Nc1 Bxg5 13. Qxg5 Qxg5 14. hxg5 h4 15. gxh4 Rxh4 16. Rxh4 Nxh4 17. Kf2 Bd7 18. Nd3 Nxd3+ 19. Bxd3 Ke7 20. Rh1 Rh8 21. a3 Ng6 22. Rxh8 Nxh8 23. b4 axb4 24. axb4 Ng6 25. Ne2 Nf4 26. Nxf4 exf4 27. c5 f6 28. gxf6+ Kxf6 29. cxd6 cxd6 30. Ke1 Ke5 31. Kd2 Kd4 32. Be2 Ba4 33. Bf1 Bd7 34. Be2 Bh3 35. Bb5 Bg2 36. Be2 Bh3 37. Bb5 Bg2 38. Be2 Bh1 39. Ke1 Bg2 40. Kd2 1/2-1/2

[Event "4NCL Online Division 3"]
[Site "online"]
[Date "2021.03.09"]
[EventDate "2021.03.09"]
[Round "4.152"]
[White "Hammond, Rob"]
[WhiteElo "1792"]
[WhiteTeam "Watford 2"]
[Black "John, Maxamillian"]
[BlackElo "1923"]
[BlackTeam "Catford Cosmonauts 3"]
[Result "1/2-1/2"]
[PlyCount "163"]

1. d4 d5 2. c4 e6 3. Nf3 Nf6 4. Nc3 Be7 5. e3 O-O 6. Bd3 b6 7. cxd5 exd5 8. O-O Bb7 9. Qc2 a6 10. Ne5 Nbd7 11. Nxd7 Qxd7 12. a4 Rfe8 13. Bf5 Qd8 14. b3 Bd6 15. Ba3 Ne4 16. Bxd6 Qxd6 17. Nxe4 dxe4 18. Rac1 g6 19. Bg4 Bd5 20. Qxc7 Qxc7 21. Rxc7 Bxb3 22. Bd7 Re7 23. Rfc1 b5 24. axb5 axb5 25. Rc8+ Rxc8 26. Rxc8+ Kg7 27. Bxb5 Rb7 28. Bf1 Be6 29. Rc1 g5 30. h3 h5 31. Be2 g4 32. hxg4 hxg4 33. Kh2 Rb2 34. Re1 Kg6 35. Kg3 Rd2 36. Bxg4 Bxg4 37. Kxg4 Rxf2 38. Kg3 Rd2 39. Rf1 f6 40. Rf2 Rd1 41. Kf4 f5 42. Ke5 Re1 43. Kf4 Rd1 44. Re2 Kf6 45. Rc2 Rf1+ 46. Kg3 Kg5 47. Rd2 f4+ 48. exf4+ Rxf4 49. d5 e3 50. Re2 Rd4 51. Rxe3 Rxd5 52. Rf3 Rd2 53. Kh3 Rd4 54. g3 Rg4 55. Rd3 Kh5 56. Rd5+ Rg5 57. g4+ Kh6 58. Rd8 Re5 59. Kh4 Kg7 60. g5 Re6 61. Kh5 Re5 62. Rd7+ Kg8 63. Kh6 Re6+ 64. g6 Re8 65. Rg7+ Kh8 66. Rd7 Kg8 67. Kg5 Rc8 68. Kf6 Rf8+ 69. Ke6 Re8+ 70. Kf6 Rf8+ 71. Rf7 Rb8 72. Re7 Rb6+ 73. Kg5 Rb5+ 74. Kh6 Rb8 75. Rg7+ Kh8 76. Rf7 Kg8 77. Rc7 Ra8 78. Rg7+ Kh8 79. Re7 Kg8 80. Rg7+ Kh8 81. Re7 Kg8 82. Rg7+ 1/2-1/2

[Event "4NCL Online Division 3"]
[Site "online"]
[Date "2021.03.09"]
[EventDate "2021.03.09"]
[Round "4.153"]
[White "Alvares, Owen"]
[WhiteElo "1809"]
[WhiteTeam "Catford Cosmonauts 3"]
[Black "Russell, Chris"]
[BlackElo "1769"]
[BlackTeam "Watford 2"]
[Result "1-0"]
[PlyCount "99"]

1. e4 e6 2. d4 d5 3. e5 c5 4. Bb5+ Bd7 5. Bxd7+ Qxd7 6. c3 Nc6 7. Nf3 cxd4 8. cxd4 Bb4+ 9. Bd2 Bxd2+ 10. Qxd2 Nh6 11. O-O Nf5 12. g4 Nh6 13. h3 O-O 14. b4 a6 15. a4 Qe7 16. Ra2 Nxb4 17. Rb2 a5 18. Nc3 f5 19. g5 Nf7 20. Nb5 g6 21. Rb3 Rac8 22. Rc1 Rc6 23. Na7 Rc7 24. Rbc3 Rxc3 25. Qxc3 Na2 26. Qc5 Re8 27. Qxe7 Rxe7 28. Rc8+ Kg7 29. Nb5 Nb4 30. Nd6 Nxd6 31. exd6 Rf7 32. Ne5 Nc6 33. Nxf7 Kxf7 34. Rc7+ Ke8 35. Rxb7 Nxd4 36. Ra7 Nc6 37. Rxh7 d4 38. Rc7 Ne5 39. Re7+ Kd8 40. h4 d3 41. Kf1 Nf3 42. h5 Nd4 43. Ke1 Nf3+ 44. Kd1 Ne5 45. h6 Nc6 46. h7 Nxe7 47. h8=Q+ Kd7 48. dxe7 Kxe7 49. f4 Kd6 50. Kd2 1-0

[Event "4NCL Online Division 3"]
[Site "online"]
[Date "2021.03.09"]
[EventDate "2021.03.09"]
[Round "4.154"]
[White "Littlefair, Paul"]
[WhiteElo "1675"]
[WhiteTeam "Watford 2"]
[Black "Kizilay, Huseyin Gokhan"]
[BlackElo "1702"]
[BlackTeam "Catford Cosmonauts 3"]
[Result "0-1"]
[PlyCount "70"]

1. e4 c6 2. d4 d6 3. Nf3 Bg4 4. h3 Bh5 5. Nc3 Nf6 6. Be2 Nbd7 7. Bg5 h6 8. Bh4 Qc7 9. Qd3 e5 10. O-O-O Be7 11. Bg3 a5 12. Rhe1 a4 13. a3 b5 14. Nh4 b4 15. axb4 a3 16. Kb1 Qa7 17. Na2 axb2 18. Qb3 Nxe4 19. Rd3 Bxe2 20. Rxe2 Nxg3 21. fxg3 O-O 22. Ng6 Bf6 23. Nxf8 Nxf8 24. Qxb2 Rb8 25. Qa3 Qb7 26. dxe5 Bxe5 27. Rxe5 dxe5 28. Qc3 Qb5 29. Kc1 Ne6 30. Kd2 Ra8 31. Nc1 e4 32. Re3 Qf1 33. Rxe4 Rd8+ 34. Nd3 Qxg2+ 35. Kc1 Qxe4 0-1

[Event "4NCL Online Division 3"]
[Site "online"]
[Date "2021.03.09"]
[EventDate "2021.03.09"]
[Round "4.161"]
[White "Ye, Kevin"]
[WhiteElo "1968"]
[WhiteTeam "Manchester Juniors A"]
[Black "Peacock, Malcolm R"]
[BlackElo "2017"]
[BlackTeam "Preston South End"]
[Result "1/2-1/2"]
[PlyCount "127"]

1. e4 e6 2. d4 d5 3. exd5 exd5 4. c4 Nf6 5. Nc3 Be7 6. Nf3 O-O 7. Bd3 dxc4 8. Bxc4 Bg4 9. Be3 Nbd7 10. O-O Nb6 11. Bd3 Nbd5 12. h3 Bh5 13. Rc1 c6 14. Re1 Re8 15. Bc4 Nxe3 16. fxe3 Bd6 17. e4 Bg3 18. Re2 Qd7 19. e5 Bxf3 20. gxf3 Nh5 21. e6 fxe6 22. Ne4 Bd6 23. Ng5 Nf4 24. Rh2 h6 25. Ne4 Rad8 26. Qe1 Bb8 27. Rd1 Qe7 28. Kh1 Kh8 29. Nc5 b6 30. Ne4 Qf7 31. Qg1 Nd5 32. Rf2 Ne3 33. Rc1 Rxd4 34. Be2 Nf5 35. Rxc6 Qh5 36. Qg4 Qxg4 37. hxg4 Nd6 38. Nxd6 Bxd6 39. Kg2 Kg8 40. Bb5 Re7 41. Rcc2 Kf7 42. Rfd2 e5 43. Rxd4 exd4 44. Rd2 Be5 45. f4 Bxf4 46. Rxd4 Be5 47. Rd2 Kf6 48. Rf2+ Kg5 49. Kh3 Bf4 50. Be2 g6 51. Kg2 Re3 52. Bf3 Be5 53. b3 h5 54. gxh5 gxh5 55. Re2 Rxe2+ 56. Bxe2 h4 57. Kh3 Bg3 58. a4 a5 59. Bb5 Kf4 60. Bc4 Ke3 61. Bb5 Kd4 62. Bc4 Kc3 63. Bd5 Kb4 64. Bc4 1/2-1/2

[Event "4NCL Online Division 3"]
[Site "online"]
[Date "2021.03.09"]
[EventDate "2021.03.09"]
[Round "4.162"]
[White "Pennington, Geoffrey"]
[WhiteElo "1734"]
[WhiteTeam "Preston South End"]
[Black "Parry, Samuel"]
[BlackElo "1863"]
[BlackTeam "Manchester Juniors A"]
[Result "1-0"]
[PlyCount "33"]

1. e4 c5 2. b4 cxb4 3. a3 d5 4. exd5 Qxd5 5. Nf3 e5 6. Bb2 Nc6 7. c4 Qe4+ 8. Be2 Nd4 9. Nxd4 exd4 10. O-O Ne7 11. d3 Qg6 12. axb4 Nf5 13. Bf3 Bxb4 14. Qa4+ Bd7 15. Qxb4 Nh4 16. Re1+ Kd8 17. Qe7+ 1-0